Historia de Francia
Gespeichert in:
| 1. Verfasser: | |
|---|---|
| Format: | Buch |
| Sprache: | Spanisch |
| Veröffentlicht: |
Buenos Aires
Dictio
1981
|
| Schlagworte: | |
| Tags: |
Tag hinzufügen
Keine Tags, Fügen Sie den ersten Tag hinzu!
|
MARC
| LEADER | 00000nam a2200000 a 4500 | ||
|---|---|---|---|
| 001 | UCW8501 | ||
| 003 | CL-VaPUC | ||
| 008 | 880914e19810000AG |||||||||||||||||spa|d | ||
| 082 | 0 | 4 | |a 944 |b BAI |2 21 |
| 100 | 0 | |a Bainville, Jacques |e author |9 313683 | |
| 245 | 1 | 0 | |a Historia de Francia |
| 300 | |a 418 p | ||
| 942 | |c BK | ||
| 945 | |d 19880914 00:00:00 | ||
| 260 | |a Buenos Aires |b Dictio |c 1981 | ||
| 650 | 0 | |a Historia |9 255047 | |
| 651 | 0 | |a Francia |9 255157 | |
| 583 | |a last modification |c 19880914 00:00:00 |k Rodrigo Vera | ||
| 999 | |c 220852 |d 220850 | ||
| 952 | |0 0 |1 0 |4 0 |6 944_000000000000000_BAI_1981 |7 0 |8 A |9 213580 |a BIBHIS |b BIBHIS |d 2019-11-15 |i 2819309 |l 3 |m 2 |o 944 BAI 1981 |p 2819309 |r 2025-01-20 |s 2023-03-23 |w 2019-11-15 |y BK |k HIS | ||